1023 1756 1989 1554 1373 1441 1731 1007 1084 1750 1789 1080 1658 1246 1564 1917 1503 1967 1187 1467 1893 1628 1887 1271 1124 1932 1187 1849 1736 1724 1425 1887 1311 1419 1374 1058 1794 1890 1321 1652 1181 1357 1596 1214 1301 1632 1577 1655 1371 1387 1961 1011 1132 1435 1061 1898 1670 1612 1461 1598 1764 1489 1748 1229 1217 1865 1063 1932 1778 1648 1453 1081 1801 1389 1519 1023 1217 1623 1657 1085 1469 1051 1827 1728 1349 1443 1921 1925 1217 1984 1301 1018 1520 1483 1494 1050 1518 1495 1084 BCNSPRNW ULIB Ver.6.0+V

เปลี่ยนเป็นภาษาไทย

Change to English
 แสดงรายละเอียดบรรณานุกรม
  กลับหน้าหลัก

Brief Record : Get Marc (ISO 2709) : E-mail record : QR code < ปิดหน้าต่าง
LEADER : 00000nam 2200000uu 4500
001    13399114501
003     ULIB
008    120410s||||||||th 000 0 tha d
020    6167007106
100 0  เฟื่องฝน
245 00 บันทึกเฮฮา คุณหนูพยาบาลจอมจุ้น
945    ^p165^l0^i026862
999 ^a ใช้งานได้ทุกระบบ
รายการนี้ยังไม่มีแท็ก
คุณยังไม่ได้ล็อกอิน คุณสามารถมีกิจกรรมร่วมกับเว็บไซต์ได้ แต่ต้องล็อกอินก่อน ::
  ล็อกอิน

รายการสื่อสารสนเทศ

ลำดับที่ ประเภท เลขเรียก/บาร์โค้ด สถานที่ สถานะ
- ไม่พบข้อมูล -

รายการใกล้เคียง
    ผู้แต่ง [เฟื่องฝน]

BibComment


ยังไม่เคยถูกคอมเมนท์

คอมเมนท์ทรัพยากรรายการนี้
  คอมเมนท์: บันทึกเฮฮา คุณหนู..


 Copyright 2026. Bcnsprnw @Library